|
|
|
|
| LEADER |
01155nam a2200241 a 4500 |
| 001 |
16616 |
| 003 |
BD-DhAAL |
| 008 |
090621r20042003ii a b 001 0 eng d |
| 020 |
|
|
|a 8178811936
|
| 040 |
|
|
|a BD-DhAAL
|c BD-DhAAL
|
| 082 |
0 |
4 |
|a 658.827
|2 22
|
| 245 |
1 |
0 |
|a Brands and firebrands :
|b insights from experts /
|c edited by Braj Mohan Chaturvedi.
|
| 260 |
|
|
|a India :
|b ICFAI,
|c 2003 [reprinted 2004].
|
| 300 |
|
|
|a xiv, 166 p. :
|b ill. ;
|c 24 cm.
|
| 504 |
|
|
|a Includes bibliographical references and index.
|
| 526 |
|
|
|a BBS
|x Dominic Bennett,
Faculty member of BRAC University
|
| 541 |
1 |
|
|e 00016616
|a Farzana Choudhry, Sr. Assistant Director, Career Service, BRAC University
|
| 650 |
|
0 |
|a Brand name products.
|
| 700 |
1 |
|
|a Chaturvedi, Braj Mohan.
|9 57423
|
| 852 |
4 |
|
|a Ayesha Abed Library
|c General Stacks
|
| 942 |
|
|
|2 ddc
|c BK
|
| 999 |
|
|
|c 1596
|d 1596
|
| 952 |
|
|
|0 0
|1 0
|2 ddc
|4 0
|6 658_827000000000000_BRA
|7 0
|9 1467
|a BRACUL
|b BRACUL
|c GEN
|d 2009-06-28
|e Farzana Choudhry, Sr. Assistant Director, Career Service, BRAC University
|g 658.00
|l 1
|m 1
|o 658.827 BRA
|p 3010016616
|r 2011-05-22
|s 2011-05-08
|t 1
|w 2009-06-28
|y BK
|x Requisitioned by Dominic Bennett, Faculty member of BRAC University.
|